Visualizzazione normale
Vista MARC
- Ellington Duke
di Personal Name
Records bibliografici associati: 1
001 - CONTROL NUMBER
- control field: 29912
003 - CONTROL NUMBER IDENTIFIER
- control field: IT-RoPau
005 - DATE AND TIME OF LATEST TRANSACTION
- control field: 20140616160941.0
008 - FIXED-LENGTH DATA ELEMENTS
- fixed length control field: 140616|| aca||aabn | a|a d
040 ## - CATALOGING SOURCE
- Original cataloging agency: IT-RoPau
- Transcribing agency: IT-RoPau
100 ## - HEADING--PERSONAL NAME
- Personal name: Ellington Duke
- Dates associated with a name: Codice autore musica SPICS: 13023
- Relator term: Autore musica
- Name of part/section of a work: Swamp Goo - The Shepherd - Chromatic Love Affair - Rue Bleu - Mara Gold - Beautiful Woman Walks Well - Cotton Tail
670 ## - SOURCE DATA FOUND
- Source citation: Work cat.: (IT-RoPau)99333: AA.VV. 794, Live In Europe